| 000 | 00310nam a22001097a 4500 | ||
|---|---|---|---|
| 082 | _aa | ||
| 245 |
_aSenseBug: Wireless Airborne Platform / _cRamzan, M. Aamir; Abbas, Ibrahim; Awan, Maryam |
||
| 300 | _c30cm | ||
| 563 | _aa | ||
| 856 | _uhttp://10.250.8.41:8080/xmlui/handle/123456789/5844 | ||
| 942 |
_2ddc _cTHE |
||
| 999 |
_c590278 _d590278 |
||